000 00311nam a22001217a 4500
020 _a9789382974000
082 _a630.33
_bARV/HA
100 _aAravind Goyal
_9995
245 _aHand Book of Environmental Agriculture Economics
260 _aDelhi
_bNavyug Books International
_c2013
300 _a248
942 _cBK
999 _c14578
_d14578